000
00290nam a22001097a 4500
008
170105b xxu||||| |||| 00| 0 eng d
020
_a
9780721651798
041
_a
eng
080
_a
618.2
245
_a
CHILDREN AND THEIR FAMILIES
_c
BOWDEN, V.R & DICKEY, S.B & GREENBERG, C.S
942
_2
udc
_c
BK
999
_c
2578
_d
2578